Statistická ročenka energetiky za rok 1989

Enregistré dans:
Détails bibliographiques
Format: Livre
Langue:tchèque
Publié: Praha Federální statistický úřad 1990
Tags: Ajouter un tag
Pas de tags, Soyez le premier à ajouter un tag!

MARC

LEADER 00000nam a2200000 4500
001 c030785
005 20250828112829.2
041 0 |a cze 
044 |a CZ 
245 1 0 |a Statistická ročenka energetiky za rok 1989 
264 1 |a Praha  |b Federální statistický úřad  |c 1990 
300 |a 164 s.